[Event "15th London Classic Open"]
[Site "London ENG"]
[Date "2025.12.02"]
[Round "8.15"]
[White "Coicev, Matei-Andrei"]
[Black "Wadsworth, Matthew J"]
[Result "0-1"]
[WhiteTitle "FM"]
[BlackTitle "GM"]
[WhiteElo "2332"]
[BlackElo "2487"]
[WhiteFideId "1279688"]
[BlackFideId "415804"]
[EventDate "2025.11.27"]

1. e4 c6 2. d4 d5 3. exd5 cxd5 4. Bd3 Nc6 5. c3 Nf6 6. h3 g6 7. Nf3 Bg7 8. O-O
Bf5 9. Be2 h6 10. Re1 g5 11. Be3 O-O 12. Nbd2 e6 13. Nf1 Ne4 14. N3d2 Bg6 15.
Nxe4 dxe4 16. Bh5 Ne7 17. h4 gxh4 18. Bxg6 Nxg6 19. Qg4 Kh7 20. Qxe4 h3 21. gxh3
f5 22. Qxb7 Rb8 23. Qh1 Rxb2 24. Rab1 Rxa2 25. Rb7 f4 26. Bd2 f3 27. Qh2 Rxd2
28. Nxd2 Qg5+ 29. Kh1 Qxd2 30. Rg1 Qf4 31. Qxf4 Rxf4 32. Rxa7 h5 33. Re1 Rf6 34.
c4 Kh6 35. Ra6 Nf4 36. d5 Nxh3 37. Raxe6 Nxf2+ 38. Kg1 Ng4 39. Rxf6+ Bxf6 40.
Rb1 Bd4+ 41. Kh1 Bc5 42. Rf1 Nf2+ 43. Kh2 h4 44. Rb1 Kg5 45. Rb7 Ng4+ 46. Kh3 f2
47. Rf7 Nf6 48. Kg2 h3+ 49. Kf1 h2 50. Rh7 Nxh7 0-1

[Event "15th London Classic Open"]
[Site "London ENG"]
[Date "2025.12.02"]
[Round "8.16"]
[White "Kanyamarala, Trisha"]
[Black "Bazakutsa, Svyatoslav"]
[Result "1/2-1/2"]
[WhiteTitle "WIM"]
[BlackTitle "IM"]
[WhiteElo "2149"]
[BlackElo "2478"]
[WhiteFideId "45004722"]
[BlackFideId "14198525"]
[EventDate "2025.11.27"]

1. e4 c5 2. c3 d5 3. exd5 Qxd5 4. d4 Nf6 5. Nf3 Nc6 6. Be3 Bg4 7. Be2 e6 8. dxc5
Qxd1+ 9. Bxd1 Nd5 10. Ba4 Bxf3 11. gxf3 Nxe3 12. fxe3 Bxc5 13. Bxc6+ bxc6 14.
Ke2 O-O-O 15. Nd2 Rd5 16. b4 Be7 17. c4 Rh5 18. c5 Kc7 19. Rag1 g5 20. Nc4 Rd8
21. Ne5 f6 22. Nc4 Rd7 23. h3 Bf8 24. h4 h6 25. hxg5 Rxh1 26. Rxh1 fxg5 27. Ne5
Rd5 28. Nc4 Bg7 29. a3 Rd8 30. Nd6 a5 31. bxa5 Rb8 32. a6 Bf8 33. Ne4 Rb2+ 34.
Kd3 Rb3+ 35. Kd4 Rxa3 36. Ke5 Rxa6 37. Kxe6 Ra3 38. Kf7 Bxc5 39. Nxc5 Rxe3 40.
Ne6+ Kd6 41. Nd4 Rd3 1/2-1/2

[Event "15th London Classic Open"]
[Site "London ENG"]
[Date "2025.12.02"]
[Round "8.17"]
[White "Willow, Jonah B"]
[Black "Aizenberg, Benny"]
[Result "0-1"]
[WhiteTitle "IM"]
[BlackTitle "IM"]
[WhiteElo "2472"]
[BlackElo "2444"]
[WhiteFideId "438804"]
[BlackFideId "2821125"]
[EventDate "2025.11.27"]

1. c4 e5 2. Nc3 Nf6 3. Nf3 Nc6 4. g3 Bb4 5. Bg2 O-O 6. O-O e4 7. Nh4 Re8 8. Nd5
Bc5 9. e3 d6 10. Nxf6+ Qxf6 11. f3 exf3 12. Nxf3 Qe7 13. d4 Bb6 14. Nh4 Nd8 15.
Kh1 Be6 16. b3 Qd7 17. Bb2 d5 18. Qd3 c6 19. e4 f6 20. Rae1 Nf7 21. exd5 cxd5
22. c5 Ba5 23. Bc3 Bxc3 24. Qxc3 Ng5 25. Nf3 Ne4 26. Qc1 Bh3 27. Nd2 Ng5 28.
Rxe8+ Rxe8 29. Re1 Bxg2+ 30. Kxg2 Qh3+ 31. Kg1 Re6 32. Qd1 Kf8 33. Rxe6 Qxe6 34.
Kf2 Qh3 35. Kg1 h5 36. Qe2 h4 37. Qg2 Qg4 38. Qxd5 Qe2 39. Qd8+ Kf7 40. gxh4
Qe1+ 41. Nf1 Nf3+ 42. Kg2 Nxh4+ 43. Kg1 Nf3+ 44. Kg2 Nh4+ 45. Kg1 Nf3+ 46. Kg2
Qe2+ 47. Kg3 Ng5 48. Qd5+ Kg6 49. Qg2 Ne4+ 50. Kh3+ Ng5+ 51. Kg3 Qd3+ 52. Kf2
Kh6 53. Qg4 Ne4+ 54. Ke1 Qxd4 55. Qf3 Kg6 56. Ng3 Qg1+ 57. Nf1 f5 58. b4 Qd4 59.
a3 a5 60. Ng3 Qg1+ 61. Qf1 Qe3+ 62. Qe2 Qc1+ 63. Qd1 Qe3+ 64. Qe2 Qc1+ 65. Qd1
Qc3+ 66. Kf1 Nxg3+ 67. hxg3 Qxg3 68. Qa4 Qf3+ 69. Kg1 Qe3+ 70. Kf1 axb4 71. axb4
Kf6 72. Qb5 Qf3+ 73. Kg1 Qc6 74. Qd3 g6 75. Qc4 Qe4 76. Qb5 f4 77. Qb6+ Qc6 78.
Qd8+ Ke5 79. Kf2 Kf5 80. Qd3+ Qe4 81. Qd7+ Kg5 82. Qd8+ Kg4 83. Qd7+ Kh5 84. Qb5
Kh4 85. Qd7 Qe3+ 0-1

[Event "15th London Classic Open"]
[Site "London ENG"]
[Date "2025.12.02"]
[Round "8.18"]
[White "Greenfeld, Alon"]
[Black "Kovchan, Alexander"]
[Result "1/2-1/2"]
[WhiteTitle "GM"]
[BlackTitle "GM"]
[WhiteElo "2465"]
[BlackElo "2440"]
[WhiteFideId "2800039"]
[BlackFideId "14103052"]
[EventDate "2025.11.27"]

1. Nf3 g6 2. c4 Bg7 3. d4 Nf6 4. g3 c6 5. Nc3 d5 6. Qb3 a5 7. cxd5 cxd5 8. Bg2
O-O 9. Bf4 Nc6 10. Rd1 Ra6 11. O-O Rb6 12. Qa3 Rb4 13. e3 Ne4 14. Ne5 g5 15.
Bxe4 dxe4 16. Bxg5 f6 17. Nxc6 bxc6 18. Bh4 Bg4 19. Nxe4 Bxd1 20. Rxd1 e5 21.
Nc5 Qd5 22. e4 Qd6 23. Na6 exd4 24. Nxb4 axb4 25. Qb3+ Kh8 26. g4 c5 27. Kg2 Qa6
28. Qc2 Rc8 29. b3 Qe6 30. f3 Bh6 31. Re1 Be3 32. Qd3 Kg7 33. Bf2 Bxf2 34. Kxf2
Qe5 35. Kg2 h5 36. gxh5 Rh8 37. Rg1 Rxh5 38. Kh1+ Kf8 39. Rg2 Qf4 40. Qa6 Qxf3
41. Qd6+ Kf7 1/2-1/2

[Event "15th London Classic Open"]
[Site "London ENG"]
[Date "2025.12.02"]
[Round "8.19"]
[White "Han, Qixiang"]
[Black "Travadon, Loic"]
[Result "0-1"]
[BlackTitle "IM"]
[WhiteElo "2104"]
[BlackElo "2492"]
[WhiteFideId "496952"]
[BlackFideId "26092131"]
[EventDate "2025.11.27"]

1. d4 d5 2. c4 e6 3. Nf3 Nf6 4. Nc3 dxc4 5. e4 b5 6. e5 Nd5 7. Nxb5 Nb6 8. Be2
Nc6 9. Be3 Bb7 10. O-O Be7 11. Rc1 O-O 12. Nc3 Rb8 13. Na4 Nb4 14. Nxb6 cxb6 15.
Bxc4 b5 16. Bb3 a5 17. a3 a4 18. axb4 axb3 19. Nd2 f5 20. f3 Bd5 21. Nxb3 Bc4
22. Na5 Qd5 23. Nxc4 bxc4 24. Bd2 Qxd4+ 25. Kh1 Rfd8 26. Bc3 Qxd1 27. Rfxd1 Rd5
28. Re1 Bxb4 29. Bxb4 Rxb4 30. Re2 Kf7 31. Kg1 g5 32. g3 Kg6 33. Rcc2 h5 34. Kf2
f4 35. Re4 Kf5 36. Rce2 Rd3 37. h3 fxg3+ 38. Kxg3 Rbb3 39. Rf2 Rxf3+ 40. Rxf3+
Kxe4 0-1

[Event "15th London Classic Open"]
[Site "London ENG"]
[Date "2025.12.02"]
[Round "8.20"]
[White "Royal, Shreyas"]
[Black "Hebden, Mark L"]
[Result "1-0"]
[WhiteTitle "GM"]
[BlackTitle "GM"]
[WhiteElo "2495"]
[BlackElo "2355"]
[WhiteFideId "448869"]
[BlackFideId "400084"]
[EventDate "2025.11.27"]

1. e4 e5 2. Nf3 Nc6 3. Bc4 Nf6 4. Ng5 d5 5. exd5 Na5 6. Bb5+ c6 7. dxc6 bxc6 8.
Bd3 Nd5 9. Nf3 Bd6 10. O-O Nf4 11. Nc3 O-O 12. Be2 c5 13. d3 Ne6 14. Ne4 Nc6 15.
Nxd6 Qxd6 16. Nd2 Bb7 17. Nc4 Qc7 18. c3 Rad8 19. Bf3 f6 20. Be3 Ne7 21. Bxb7
Qxb7 22. f4 exf4 23. Bxf4 Nd5 24. Bg3 Nb6 25. Qg4 Qd5 26. Rae1 f5 27. Qe2 Rde8
28. Ne3 Qxa2 29. Nxf5 Qd5 30. Qg4 1-0

[Event "15th London Classic Open"]
[Site "London ENG"]
[Date "2025.12.02"]
[Round "8.21"]
[White "Vijayakumar, Rishi"]
[Black "Czopor, Maciej"]
[Result "0-1"]
[WhiteTitle "FM"]
[BlackTitle "IM"]
[WhiteElo "2300"]
[BlackElo "2463"]
[WhiteFideId "2408953"]
[BlackFideId "21805431"]
[EventDate "2025.11.27"]

1. d4 Nf6 2. c4 g6 3. Nc3 Bg7 4. e4 d6 5. Be2 O-O 6. Be3 c5 7. d5 e6 8. Nf3 exd5
9. cxd5 b5 10. e5 dxe5 11. Bxc5 Re8 12. Bxb5 Nbd7 13. Be3 Ng4 14. O-O Nxe3 15.
fxe3 Rb8 16. Kh1 a6 17. Bxd7 Bxd7 18. b3 e4 19. Nd4 h5 20. Rc1 Rb6 21. Rf4 f5
22. Rf2 Rd6 23. a3 Be5 24. Rfc2 Qh4 25. Qg1 Bxd4 26. exd4 e3 27. Rd1 f4 28. g3
Qh3 29. Rf1 Bg4 30. Rxf4 g5 31. Rxg4 hxg4 32. Nd1 e2 33. Ne3 Rxe3 34. Rc8+ Kg7
35. Rc7+ Kh6 0-1

[Event "15th London Classic Open"]
[Site "London ENG"]
[Date "2025.12.02"]
[Round "8.22"]
[White "Siva, Mahadevan"]
[Black "Houska, Jovanka"]
[Result "1-0"]
[WhiteTitle "IM"]
[BlackTitle "IM"]
[WhiteElo "2424"]
[BlackElo "2320"]
[WhiteFideId "25043153"]
[BlackFideId "405094"]
[EventDate "2025.11.27"]

1. e4 c6 2. d4 d5 3. e5 Bf5 4. Nf3 e6 5. Be2 Nd7 6. O-O Ne7 7. c3 c5 8. dxc5 Nc6
9. b4 Bg4 10. Nbd2 Be7 11. b5 Na5 12. Qa4 Bh5 13. Ba3 Nxc5 14. Qd4 b6 15. Rfd1
Rc8 16. Bb4 Ncb7 17. Qe3 Bxf3 18. Nxf3 Nc4 19. Qf4 Nba5 20. Qg3 O-O 21. Rd4 f5
22. exf6 Rxf6 23. Rg4 Qf8 24. Re1 Nd6 25. Bd3 h6 26. Nd4 Ne4 27. Bxe4 dxe4 28.
Rgxe4 Bxb4 29. cxb4 Nb7 30. Nxe6 Qf7 31. h3 Rc2 32. Nd4 Rcxf2 33. Re7 Rf1+ 34.
Kh2 1-0

[Event "15th London Classic Open"]
[Site "London ENG"]
[Date "2025.12.02"]
[Round "8.23"]
[White "Banerjee, Supratit"]
[Black "Schmider, Niklas"]
[Result "0-1"]
[WhiteTitle "FM"]
[BlackTitle "IM"]
[WhiteElo "2323"]
[BlackElo "2423"]
[WhiteFideId "2410079"]
[BlackFideId "12993778"]
[EventDate "2025.11.27"]

1. e4 c5 2. Nf3 d6 3. d4 cxd4 4. Nxd4 Nf6 5. Nc3 a6 6. Be3 e5 7. Nf3 Be7 8. Bc4
O-O 9. O-O Be6 10. Bb3 b5 11. Nd5 Nxd5 12. Bxd5 Bxd5 13. Qxd5 Nd7 14. Rfd1 Qc7
15. c3 h6 16. Qd3 Nf6 17. Nh4 Rfd8 18. Nf5 Bf8 19. Qe2 Qc6 20. Qf3 Nxe4 21. Qg4
Kh7 22. f3 Nf6 23. Qh4 Ng8 24. Bg5 Rd7 25. Qh3 d5 26. Re1 g6 27. Ne3 Kg7 28. Bh4
Bc5 29. Kh1 Re8 30. Ng4 e4 31. fxe4 dxe4 32. Bg3 Rde7 33. Rad1 e3 34. Bf4 g5 35.
Nxe3 Kf8 36. b4 gxf4 37. bxc5 Rxe3 38. Qh4 Rxe1+ 39. Rxe1 Rxe1+ 40. Qxe1 Qxc5
41. Qd2 Qe3 0-1

[Event "15th London Classic Open"]
[Site "London ENG"]
[Date "2025.12.02"]
[Round "8.24"]
[White "Vu Dinh, Adrien"]
[Black "Brunner, Nicolas"]
[Result "1-0"]
[BlackTitle "IM"]
[WhiteElo "2281"]
[BlackElo "2420"]
[WhiteFideId "45186995"]
[BlackFideId "620246"]
[EventDate "2025.11.27"]

1. Nf3 d5 2. b3 Bg4 3. Bb2 Nd7 4. d3 Bxf3 5. exf3 e5 6. Qe2 Bd6 7. f4 Qe7 8.
fxe5 Bxe5 9. d4 Bd6 10. c4 c6 11. Nc3 Ndf6 12. g3 h5 13. h4 dxc4 14. bxc4 O-O-O
15. Bh3+ Kb8 16. O-O Qxe2 17. Nxe2 Nh6 18. f3 Rhe8 19. Kf2 c5 20. d5 Be5 21.
Rab1 Bxb2 22. Rxb2 Re7 23. Nf4 Ka8 24. a4 g6 25. Nd3 Ne8 26. Rc1 Nd6 27. Nxc5
Rc7 28. Ne4 Rxc4 29. Rbc2 Rxc2+ 30. Rxc2 a6 31. Nxd6 Rxd6 32. Rc8+ Ka7 33. Rh8
Nf5 34. Bxf5 gxf5 35. Rxh5 Rxd5 36. g4 b5 37. axb5 a5 38. Rh7 a4 39. Rxf7+ Kb6
40. Rf8 fxg4 41. fxg4 Rd3 42. Ra8 Kxb5 43. g5 Rh3 44. g6 Rxh4 45. g7 Rg4 46.
g8=Q Rxg8 47. Rxg8 a3 48. Ke2 Kb4 49. Kd2 Kb3 50. Kc1 Ka2 51. Rg3 1-0

[Event "15th London Classic Open"]
[Site "London ENG"]
[Date "2025.12.02"]
[Round "8.25"]
[White "Badacsonyi, Stanley"]
[Black "Conquest, Stuart C"]
[Result "0-1"]
[WhiteTitle "FM"]
[BlackTitle "GM"]
[WhiteElo "2316"]
[BlackElo "2521"]
[WhiteFideId "486973"]
[BlackFideId "400181"]
[EventDate "2025.11.27"]

1. d4 d6 2. e4 Nf6 3. Nc3 g6 4. f3 a6 5. a4 Bg7 6. Be3 O-O 7. Qd2 Nbd7 8. h4 e5
9. dxe5 dxe5 10. g4 c6 11. h5 Re8 12. hxg6 hxg6 13. Bh6 Nf8 14. Bd3 Bxh6 15.
Qxh6 N6h7 16. Nh3 Be6 17. Qe3 Qe7 18. Kf2 Rad8 19. Ne2 Rd7 20. Ng3 Red8 21. Rad1
Bc4 22. Be2 Bxe2 23. Rxd7 Rxd7 24. Nxe2 Ne6 25. Kg3 Qb4 26. b3 Qd2 27. Kf2 Qxc2
28. Rc1 Qb2 29. Qc3 Rd2 0-1

[Event "15th London Classic Open"]
[Site "London ENG"]
[Date "2025.12.02"]
[Round "8.26"]
[White "Balaji, Aaravamudhan"]
[Black "Gordon, Stephen J"]
[Result "1/2-1/2"]
[WhiteTitle "IM"]
[BlackTitle "GM"]
[WhiteElo "2305"]
[BlackElo "2465"]
[WhiteFideId "436224"]
[BlackFideId "411477"]
[EventDate "2025.11.27"]

1. d4 Nf6 2. c4 e6 3. Nc3 Bb4 4. e3 O-O 5. Bd3 Re8 6. Ne2 d5 7. O-O Nbd7 8. Qc2
Bf8 9. Rd1 b6 10. cxd5 exd5 11. a3 Bb7 12. b4 c6 13. Rb1 a5 14. f3 axb4 15. axb4
g6 16. e4 Nh5 17. Bd2 Rb8 18. Nf4 Ndf6 19. e5 Nxf4 20. Bxf4 Nh5 21. Be3 c5 22.
bxc5 bxc5 23. dxc5 Rxe5 24. Bd4 Re8 25. Ne2 Bc6 26. Rb6 Rc8 27. Qa2 Ng7 28. Bf2
Ne6 29. Rxc6 Rxc6 30. Bb5 Bxc5 31. Bxc6 Bxf2+ 32. Kf1 Re7 33. Kxf2 Qb6+ 34. Kf1
Qxc6 1/2-1/2

[Event "15th London Classic Open"]
[Site "London ENG"]
[Date "2025.12.02"]
[Round "8.27"]
[White "Koster, Ramon"]
[Black "Magold, Filip"]
[Result "0-1"]
[WhiteTitle "FM"]
[BlackTitle "IM"]
[WhiteElo "2302"]
[BlackElo "2465"]
[WhiteFideId "1008544"]
[BlackFideId "1254456"]
[EventDate "2025.11.27"]

1. d4 Nf6 2. c4 c5 3. d5 b5 4. cxb5 a6 5. e3 g6 6. Nc3 Bg7 7. a4 O-O 8. e4 Bb7
9. Bg5 Qa5 10. Bd2 Qd8 11. Bc4 e6 12. Nge2 exd5 13. exd5 d6 14. O-O axb5 15.
Bxb5 Na6 16. Bg5 h6 17. Bf4 Nb4 18. Bc4 Re8 19. Ng3 g5 20. Be3 Re5 21. Ra3 Qe7
22. Bd2 Nfxd5 23. Nxd5 Nxd5 24. Nh5 Nf6 25. Bc3 Nxh5 26. Bxe5 Bxe5 27. Qxh5 d5
28. Ba2 Bxb2 29. Re3 Qf6 30. Rf3 Qe6 31. Rb3 Ba6 32. Rxb2 Bxf1 33. Kxf1 Rxa4 34.
Qd1 Rd4 35. Qe2 Re4 36. Rb8+ Kg7 37. Qb2+ Rd4 38. Bb1 Qe5 39. g3 Rd1+ 40. Kg2
Qxb2 41. Rxb2 c4 42. Rb6 d4 43. Bc2 Rc1 44. Bf5 d3 45. Rd6 Rd1 46. Bg4 Re1 47.
Bf5 c3 48. Bxd3 Rd1 49. Rc6 Rxd3 50. h4 g4 51. h5 f6 52. Rc7+ Kf8 53. Rc4 Ke7
54. Rxg4 Kd6 55. Rc4 Kd5 56. Rc8 Kd4 57. Kf1 Rd1+ 58. Ke2 Rd2+ 59. Ke1 Kd3 60.
Rd8+ Kc2 61. Rc8 Rd4 62. Ke2 Kb2 63. Rb8+ Kc1 64. Rb6 Rd2+ 65. Ke3 c2 66. Rxf6
Kd1 67. Rc6 Re2+ 68. Kf3 Re5 69. Kf4 Rxh5 70. g4 Ra5 71. Rd6+ Ke2 72. Rc6 Kd2
73. Rd6+ Kc3 74. Rc6+ Kd3 75. Kg3 Ra1 0-1

[Event "15th London Classic Open"]
[Site "London ENG"]
[Date "2025.12.02"]
[Round "8.28"]
[White "Wang, Hao(ZJ)"]
[Black "Dignam, Matthew"]
[Result "1-0"]
[WhiteTitle "IM"]
[BlackTitle "CM"]
[WhiteElo "2424"]
[BlackElo "2214"]
[WhiteFideId "8631859"]
[BlackFideId "2501422"]
[EventDate "2025.11.27"]

1. e4 c6 2. d4 d5 3. exd5 cxd5 4. Bd3 Nc6 5. c3 Nf6 6. h3 e5 7. dxe5 Nxe5 8. Nf3
Nxd3+ 9. Qxd3 Be7 10. O-O O-O 11. Bg5 Qb6 12. Qc2 Re8 13. Nbd2 Be6 14. a4 Rac8
15. a5 Qd6 16. Rfd1 b5 17. Qd3 b4 18. Bxf6 Bxf6 19. Ne4 Qf4 20. Nxf6+ Qxf6 21.
cxb4 Bf5 22. Qd4 Re4 23. Qxf6 gxf6 24. Rxd5 Be6 25. Rd4 Rc4 26. Rd8+ Kg7 27. b5
Ra4 28. Rxa4 Rxa4 29. a6 Rb4 30. Nd4 Rxb2 31. Nxe6+ fxe6 32. Rb8 1-0

[Event "15th London Classic Open"]
[Site "London ENG"]
[Date "2025.12.02"]
[Round "8.29"]
[White "Haydon, David L"]
[Black "Kanov, Nikola"]
[Result "1-0"]
[WhiteTitle "FM"]
[BlackTitle "IM"]
[WhiteElo "2284"]
[BlackElo "2418"]
[WhiteFideId "415405"]
[BlackFideId "2928531"]
[EventDate "2025.11.27"]

1. d4 Nf6 2. c4 e6 3. Nc3 Bb4 4. g3 c5 5. a3 Bxc3+ 6. bxc3 d5 7. cxd5 exd5 8.
Bg2 O-O 9. Nf3 h6 10. O-O Bf5 11. dxc5 Qc8 12. Be3 Nbd7 13. Nd4 Bh7 14. c4 dxc4
15. c6 bxc6 16. Nxc6 Qe8 17. Nxa7 Be4 18. Bxe4 Qxe4 19. Nb5 Qf5 20. Nd6 Qh3 21.
f3 Rfd8 22. Bd4 Qe6 23. Nb5 Qc6 24. Rb1 Rdb8 25. a4 Nc5 26. Na7 Qc7 27. Rxb8+
Rxb8 28. Nb5 Qc6 29. Bxf6 Qxf6 30. Qd5 Nxa4 31. Qxc4 Qb6+ 32. Nd4 Nb2 33. Qc3
Rd8 34. e3 Na4 35. Qc2 Nc5 36. Rb1 Qd6 37. Qc4 Qe5 38. Kf2 Re8 39. Re1 Rc8 40.
Kg2 Rb8 41. Re2 Ra8 42. Rc2 Ne6 43. Nxe6 Qxe6 44. Qxe6 fxe6 45. f4 Kf7 46. Rc7+
Kf6 47. Kf3 Ra2 48. e4 h5 49. e5+ Kg6 50. Re7 Ra6 51. Kg2 Kh6 52. Kh3 g6 53. Rd7
Ra8 54. Rf7 Re8 55. Kh4 Ra8 56. Rf6 Ra6 57. h3 Rb6 58. g4 hxg4 59. hxg4 Rb4 60.
Rf7 Rxf4 61. Rxf4 g5+ 62. Kg3 gxf4+ 63. Kxf4 Kg6 64. Kf3 Kh6 65. Kg2 Kg6 66. Kh3
Kg5 67. Kg3 Kg6 68. Kh4 Kh6 69. g5+ Kg6 70. Kg4 Kg7 71. Kh5 Kh7 72. g6+ Kg8 73.
g7 Kxg7 74. Kg5 Kf7 75. Kh6 Ke8 76. Kg6 Ke7 77. Kg7 Kd8 78. Kf8 Kd7 79. Kf7 1-0

[Event "15th London Classic Open"]
[Site "London ENG"]
[Date "2025.12.02"]
[Round "8.30"]
[White "Efroimski, Marsel"]
[Black "Itkin, David"]
[Result "1-0"]
[WhiteTitle "IM"]
[WhiteElo "2384"]
[BlackElo "2272"]
[WhiteFideId "2810964"]
[BlackFideId "2611813"]
[EventDate "2025.11.27"]

1. e4 c6 2. d4 d5 3. e5 Bf5 4. Nf3 e6 5. Be2 c5 6. c3 Nc6 7. O-O Bg6 8. a3 cxd4
9. cxd4 Nge7 10. Nc3 Nc8 11. Bd3 Bh5 12. Be3 f6 13. Qb3 Qb6 14. Qc2 Bxf3 15.
gxf3 fxe5 16. dxe5 Qd8 17. Bf4 Qh4 18. Bg3 Qh5 19. f4 Nb6 20. Ne2 Rc8 21. Rac1
Nxe5 22. Bb5+ Kf7 23. Qb3 Nf3+ 24. Kg2 Nd2 25. Rxc8 Nxc8 26. Qc3 Nd6 27. f5 Qxf5
28. Bxd6 Nxf1 29. Qc7+ Kg8 30. Bxf8 Qxf8 31. Bd7 h5 32. Bxe6+ Kh7 33. Qe5 g6 34.
Kxf1 Qc5 35. Bxd5 b6 36. b4 Qc8 37. Nf4 Qc2 38. h3 Qf5 39. Qxf5 gxf5 40. Be6 Kh6
41. h4 Rd8 42. Ke2 Rd4 43. Ke3 Re4+ 44. Kf3 Re1 45. Bxf5 Ra1 46. b5 Rxa3+ 47.
Bd3 a6 48. bxa6 b5 49. Ke4 Ra4+ 50. Ke3 Rxa6 51. Bxb5 Ra1 52. Bc6 Ra3+ 53. Ke2
Ra2+ 54. Kf3 Ra1 55. Kg2 Ra6 56. Bf3 Ra4 57. Kg3 Ra3 58. Nxh5 Rb3 59. Nf4 Ra3
60. Kg4 Ra2 61. Kg3 Ra3 62. Nd5 Kg6 63. Kg4 Ra4+ 64. Nf4+ Kh6 65. Bd5 Ra5 66. f3
Ra1 67. Ne2 Rd1 68. Be4 Rd2 69. Ng3 Rg2 70. f4 Rf2 71. f5 Rh2 72. Bf3 Rb2 73.
Kf4 Rh2 74. h5 Rb2 75. f6 Rb4+ 76. Ke5 Rb5+ 77. Bd5 Rb6 78. Nf5+ Kg5 79. f7 Rb8
80. Ng7 Rh8 81. Bf3 Kh6 82. Ne6 Kh7 83. f8=Q Rxf8 84. Nxf8+ Kh6 85. Kf5 Kg7 86.
Ne6+ Kh6 87. Kg4 Kh7 88. Kg5 Kh8 89. Kh6 Kg8 90. Nf4 Kh8 91. Ng6+ Kg8 92. Bd5# 1-0

[Event "15th London Classic Open"]
[Site "London ENG"]
[Date "2025.12.02"]
[Round "8.31"]
[White "Bhagat Kush"]
[Black "Sivanandan, Bodhana"]
[Result "1-0"]
[WhiteTitle "FM"]
[BlackTitle "WIM"]
[WhiteElo "2381"]
[BlackElo "2233"]
[WhiteFideId "46672940"]
[BlackFideId "497592"]
[EventDate "2025.11.27"]

1. d4 d5 2. c4 c6 3. Nc3 Nf6 4. Nf3 e6 5. e3 Nbd7 6. Qc2 Bd6 7. Bd3 O-O 8. O-O
dxc4 9. Bxc4 b5 10. Be2 Bb7 11. e4 e5 12. dxe5 Nxe5 13. Nd4 Neg4 14. g3 Re8 15.
Nf5 Bc5 16. Bf4 Qb6 17. Kg2 Nxf2 18. e5 Nd5 19. Nxd5 cxd5 20. b4 Bxb4 21. Rxf2
Rac8 22. Qd1 Bc3 23. Rb1 Bxe5 24. Rxb5 d4+ 25. Kh3 Qc7 26. Rxe5 Rxe5 27. Bxe5
Qxe5 28. Qxd4 Qxd4 29. Nxd4 Rd8 30. Nb3 Bd5 31. Bf3 Bxb3 32. axb3 g6 33. Be2 f5
34. Bc4+ Kg7 35. Kg2 Rd7 36. Kf3 Kf6 37. Ra2 Re7 38. Ra6+ Ke5 39. Ke3 g5 40. h3
h5 41. Rh6 Re8 42. Kf2 h4 43. gxh4 Kf4 44. hxg5 Kxg5 45. Rh7 a5 46. Ra7 Re5 47.
Kf3 Re4 48. Rxa5 Rh4 49. Kg3 Rd4 50. Rd5 Re4 51. Rxf5+ Kxf5 52. Bd3 1-0

[Event "15th London Classic Open"]
[Site "London ENG"]
[Date "2025.12.02"]
[Round "8.32"]
[White "Gallana, Marco"]
[Black "Sammed Jaykumar, Shete"]
[Result "1-0"]
[BlackTitle "IM"]
[WhiteElo "2225"]
[BlackElo "2377"]
[WhiteFideId "824542"]
[BlackFideId "5073421"]
[EventDate "2025.11.27"]

1. d4 Nf6 2. c4 g6 3. g3 Bg7 4. Bg2 O-O 5. Nc3 d6 6. h3 Nbd7 7. Nf3 e5 8. e4 b6
9. O-O exd4 10. Nxd4 Bb7 11. Bg5 h6 12. Be3 Nc5 13. f3 Re8 14. Qd2 Kh7 15. Rad1
Qe7 16. Rfe1 c6 17. Bf2 Rad8 18. Qc2 Qc7 19. f4 h5 20. Nf3 Kg8 21. Ng5 Bh6 22.
b4 Na6 23. a3 Bxg5 24. fxg5 Nd7 25. e5 dxe5 26. Ne4 Kg7 27. Qc3 Re6 28. c5 Rde8
29. h4 f5 30. gxf6+ Nxf6 31. Bh3 Nd5 32. Qb2 R6e7 33. Nd6 Rf8 34. Rxe5 Kh7 35.
Rde1 Rxe5 36. Qxe5 bxc5 37. bxc5 Rxf2 38. Kxf2 Nxc5 39. Bf1 Bc8 40. Kg2 Bg4 41.
Ne8 Qxe5 42. Rxe5 Nd7 43. Re1 N7b6 44. Nd6 Kg7 45. Bd3 Kf6 46. Ne4+ Ke5 47. Nf2+
Kd4 48. Bxg6 Ne3+ 49. Kg1 Bf3 50. Nh3 Nbc4 51. Nf4 Ne5 52. Ne6+ Kd5 53. Rxe3
Kxe6 54. Be4 Bxe4 55. Rxe4 c5 56. Kf2 Kd5 57. Ra4 Nc6 58. g4 hxg4 59. Rxg4 c4
60. h5 c3 61. h6 c2 62. Rg1 Ne5 63. h7 Nf7 64. Ke3 Kc4 65. Kd2 Kb3 66. Kc1 1-0

[Event "15th London Classic Open"]
[Site "London ENG"]
[Date "2025.12.02"]
[Round "8.33"]
[White "Li, Guohao"]
[Black "Krishnan, Ritvik"]
[Result "1/2-1/2"]
[BlackTitle "FM"]
[WhiteElo "2348"]
[BlackElo "2265"]
[WhiteFideId "8619999"]
[BlackFideId "45055297"]
[EventDate "2025.11.27"]

1. d4 d5 2. Bf4 Nf6 3. Nc3 c5 4. e4 Nxe4 5. Nxe4 dxe4 6. dxc5 Qa5+ 7. c3 Qxc5 8.
Qa4+ Nc6 9. Qxe4 g6 10. Qe3 Qxe3+ 11. Bxe3 Bg7 12. Nf3 O-O 13. Bc4 Bg4 14. h3
Bxf3 15. gxf3 Rac8 16. O-O-O a6 17. Be2 Ne5 18. f4 Nc4 19. Bxc4 Rxc4 20. Rd7 b5
21. Rxe7 b4 22. Rd1 bxc3 23. b3 Rc6 24. Kc2 Bh6 25. a4 Rfc8 26. Red7 Bf8 27. Rd8
Kg7 28. Bd4+ Kh6 29. Rxc8 Rxc8 30. Rd3 Bb4 31. Bxc3 Bc5 32. f3 Kh5 33. Kb2 Kh4
34. Bf6+ Kxh3 35. Rc3 Rc6 36. Bg7 f6 37. Kc2 Rc7 38. Bxf6 Bb6 39. b4 h5 40. a5
Rxc3+ 41. Bxc3 Bf2 42. b5 axb5 43. a6 Kg2 44. Bf6 Kg3 45. Be5 Kg2 46. Bf6 Kg3
47. Be5 Kg2 48. Bf6 1/2-1/2

[Event "15th London Classic Open"]
[Site "London ENG"]
[Date "2025.12.02"]
[Round "8.34"]
[White "Xian, Junhao"]
[Black "Otsuka, Shou"]
[Result "1-0"]
[BlackTitle "FM"]
[WhiteElo "2166"]
[BlackElo "2335"]
[WhiteFideId "8607621"]
[BlackFideId "7004702"]
[EventDate "2025.11.27"]

1. d4 Nf6 2. c4 e6 3. Nf3 d5 4. Bg5 Bb4+ 5. Nc3 Nbd7 6. e3 c5 7. cxd5 exd5 8.
dxc5 Qa5 9. Rc1 Bxc3+ 10. bxc3 O-O 11. Nd4 Qxa2 12. Bf4 Ne4 13. Rc2 Qa5 14. Nb5
Ndxc5 15. f3 Bd7 16. Nc7 Rac8 17. Nxd5 Ba4 18. Ne7+ Kh8 19. Nxc8 Rxc8 20. fxe4
Nxe4 21. Qa1 Nxc3 22. Rxc3 Rxc3 23. Kf2 f6 24. Be2 b5 25. Bxb5 Rc2+ 26. Be2
Rxe2+ 27. Kxe2 Bb5+ 28. Kf2 Qd2+ 29. Kg3 Bc6 30. Rg1 h5 31. h3 a5 32. Qd1 h4+
33. Kh2 Qf2 34. Qd8+ Kh7 35. Qxa5 1-0